[Event "Zahara de la Sierra 3rd"]
[Site "Zahara de la Sierra"]
[Date "2024.03.29"]
[Round "6"]
[White "Djidjeli, Sarah"]
[Black "Gomez Ledo, Roberto Carlos"]
[Result "0-1"]
[WhiteElo "2074"]
[BlackElo "2416"]
[PlyCount "134"]
[EventDate "2024.03.27"]
[EventType "tourn"]
[EventRounds "9"]
[EventCountry "ESP"]
[SourceTitle "CB14_2024"]
[SourceDate "2024.04.01"]
[SourceVersion "1"]
[SourceVersionDate "2024.04.01"]
[SourceQuality "1"]

1. e4 e5 2. Nf3 Nc6 3. Bb5 a6 4. Ba4 Nf6 5. 0-0 Be7 6. d3 d6 7. c4 0-0 8. Nc3 Bg4 9. h3 Bxf3 10. Qxf3 Nd4 11. Qd1 c6 12. Be3 Nd7 13. Ne2 Nxe2+ 14. Qxe2 Nc5 15. Bc2 Ne6 16. Qd2 Bg5 17. Bd1 g6 18. Bxg5 Qxg5 19. Qxg5 Nxg5 20. b4 Ne6 21. a4 a5 22. bxa5 Rxa5 23. Rb1 Ra7 24. Rb2 Kg7 25. Bc2 f5 26. Rfb1 Rf7 27. exf5 gxf5 28. Ra1 Kf6 29. a5 Nc5 30. Kh2 Rf8 31. a6 Rxa6 32. Rxa6 bxa6 33. Kg3 Ke6 34. Kf3 Kd7 35. Ke3 h6 36. Bd1 Kc7 37. Ra2 Ra8 38. g3 Rf8 39. d4 f4+ 40. gxf4 exd4+ 41. Kxd4 Rxf4+ 42. Ke3 Re4+ 43. Kf3 Rxc4 44. Be2 Rb4 45. Bxa6 Nxa6 46. Rxa6 d5 47. Ra7+ Rb7 48. Ra8 Kd6 49. Rh8 Rf7+ 50. Ke3 Rf6 51. f4 c5 52. h4 c4 53. h5 Kc5 54. Rc8+ Rc6 55. Rg8 Re6+ 56. Kd2 Re4 57. Rg6 Rxf4 58. Rxh6 d4 59. Rh8 Rf2+ 60. Ke1 Rh2 61. h6 Kb4 62. h7 Kc3 63. Kf1 Kd3 64. Kg1 Rh6 65. Kf2 c3 66. Ke1 Rh1+ 67. Kf2 c2 0-1

[Event "Portimao op"]
[Site "Portimao"]
[Date "2024.02.16"]
[Round "7"]
[White "Zounani, Yacine"]
[Black "Gomez Ledo, Roberto Carlos"]
[Result "0-1"]
[WhiteElo "2043"]
[BlackElo "2425"]
[PlyCount "98"]
[EventDate "2024.02.11"]
[EventType "swiss"]
[EventRounds "9"]
[EventCountry "POR"]
[SourceTitle "CB09_2024"]
[SourceDate "2024.02.28"]
[SourceVersion "1"]
[SourceVersionDate "2024.02.28"]
[SourceQuality "1"]

1. d4 g6 2. c4 Bg7 3. g3 d6 4. Bg2 e5 5. dxe5 dxe5 6. Qxd8+ Kxd8 7. Nc3 c6 8. b3 Nd7 9. Bb2 Kc7 10. 0-0-0 Ngf6 11. Nf3 h6 12. Nd2 Re8 13. Nde4 Bf8 14. Nxf6 Nxf6 15. Rhf1 Bd7 16. h3 h5 17. Kc2 Nh7 18. f4 exf4 19. Rxf4 f5 20. Rfd4 Rad8 21. R4d3 Kc8 22. Bc1 Bc5 23. Bf3 Be6 24. Rxd8+ Rxd8 25. Rxd8+ Kxd8 26. Nd1 Kd7 27. h4 Nf6 28. Kd3 Ng4 29. Bxg4 hxg4 30. Bf4 b5 31. Kc3 Be7 32. cxb5 cxb5 33. Kd4 Bf7 34. Nc3 Kc6 35. e4 Bf6+ 36. Be5 Bd8 37. Nd5 fxe4 38. Nb4+ Kd7 39. Kxe4 Be6 40. Nd5 a5 41. Kd4 Kc6 42. Nf4 Bb6+ 43. Kc3 Bf5 44. a4 b4+ 45. Kc4 Bf2 46. Ne2 Be6+ 47. Kd3 Bxb3 48. Bd4 Be1 49. Be3 Bxa4 0-1

[Event "Rome City op 5th"]
[Site "Rome"]
[Date "2023.12.10"]
[Round "9"]
[White "Elgersma, Onno"]
[Black "Gomez Ledo, Roberto Carlos"]
[Result "1/2-1/2"]
[WhiteElo "2310"]
[BlackElo "2448"]
[PlyCount "80"]
[EventDate "2023.12.04"]
[EventType "swiss"]
[EventRounds "9"]
[EventCountry "ITA"]
[SourceTitle "CB50_2023"]
[SourceDate "2023.12.13"]
[SourceVersion "1"]
[SourceVersionDate "2023.12.13"]
[SourceQuality "1"]

1. e4 e5 2. Nf3 Nc6 3. Bb5 a6 4. Ba4 Nf6 5. 0-0 Be7 6. d3 d6 7. c4 Bg4 8. Nc3 0-0 9. h3 Bh5 10. Be3 Nd7 11. Nd5 Nc5 12. Bxc5 dxc5 13. Bxc6 bxc6 14. Ne3 f6 15. Rc1 Re8 16. Rc3 Bf8 17. Qe2 Rb8 18. Rb1 Qd7 19. Nf5 Bf7 20. Ra3 Rb6 21. Qe3 Reb8 22. b3 Ra8 23. Ra5 Qc8 24. Ne1 Rbb8 25. Nc2 Qb7 26. Qd2 Rd8 27. Qc3 Qb6 28. Rd1 Rd7 29. Rd2 Rad8 30. Ra4 Be6 31. Nfe3 g6 32. Qa5 Ra8 33. Ne1 Kh8 34. Nf3 Bg7 35. Ra3 Kg8 36. Rd1 Kh8 37. Ra4 Kg8 38. Nf1 Kh8 39. Ng3 Kg8 40. Ne2 Kh8 1/2-1/2

[Event "Rome City op 5th"]
[Site "Rome"]
[Date "2023.12.09"]
[Round "8"]
[White "Gomez Ledo, Roberto Carlos"]
[Black "Vera Gonzalez Quevedo, Reynaldo"]
[Result "1/2-1/2"]
[WhiteElo "2448"]
[BlackElo "2365"]
[PlyCount "43"]
[EventDate "2023.12.04"]
[EventType "swiss"]
[EventRounds "9"]
[EventCountry "ITA"]
[SourceTitle "CB50_2023"]
[SourceDate "2023.12.13"]
[SourceVersion "1"]
[SourceVersionDate "2023.12.13"]
[SourceQuality "1"]

1. d4 d5 2. c4 e6 3. Nf3 Nf6 4. e3 dxc4 5. Bxc4 c5 6. 0-0 a6 7. dxc5 Bxc5 8. Qxd8+ Kxd8 9. Rd1+ Ke7 10. Be2 Bd7 11. Ne5 Bb5 12. Nc4 Nbd7 13. Nc3 Bxc4 14. Bxc4 Rac8 15. Be2 Rc7 16. Bd2 Rhc8 17. Rac1 Bb4 18. a3 Bxc3 19. Rxc3 Nd5 20. Rxc7 Rxc7 21. Rc1 Rxc1+ 22. Bxc1 1/2-1/2

[Event "Carballo Concello 6th"]
[Site "Carballo"]
[Date "2023.09.01"]
[Round "9"]
[White "Gomez Ledo, Roberto Carlos"]
[Black "Strikovic, Aleksa"]
[Result "1/2-1/2"]
[WhiteElo "2432"]
[BlackElo "2456"]
[PlyCount "23"]
[EventDate "2023.08.25"]
[EventType "swiss"]
[EventRounds "9"]
[EventCountry "ESP"]
[SourceTitle "EXT 2024"]
[Source "ChessBase"]
[SourceDate "2023.10.10"]
[SourceVersion "1"]
[SourceVersionDate "2023.10.10"]
[SourceQuality "1"]

1. e4 e5 2. Nf3 Nc6 3. Nc3 Nf6 4. d4 exd4 5. Nxd4 Bb4 6. Nxc6 bxc6 7. Bd3 d5 8. exd5 cxd5 9. 0-0 0-0 10. Bg5 c6 11. Qf3 Bd6 12. Nb1 1/2-1/2

[Event "Carballo Concello 6th"]
[Site "Carballo"]
[Date "2023.08.30"]
[Round "7"]
[White "Martinez Ramirez, Lennis"]
[Black "Gomez Ledo, Roberto Carlos"]
[Result "1/2-1/2"]
[WhiteElo "2426"]
[BlackElo "2432"]
[PlyCount "26"]
[EventDate "2023.08.25"]
[EventType "swiss"]
[EventRounds "9"]
[EventCountry "ESP"]
[SourceTitle "EXT 2024"]
[Source "ChessBase"]
[SourceDate "2023.10.10"]
[SourceVersion "1"]
[SourceVersionDate "2023.10.10"]
[SourceQuality "1"]

1. e4 e6 2. Nf3 d5 3. e5 c5 4. g3 Ne7 5. Bg2 Nec6 6. 0-0 Nd7 7. Re1 Qc7 8. Qe2 b6 9. d3 Bb7 10. Nc3 a6 11. Nxd5 exd5 12. e6 fxe6 13. Qxe6+ Ne7 1/2-1/2

[Event "Carballo Xiria"]
[Site "Carballo"]
[Date "2023.08.22"]
[Round "3"]
[White "Gomez Ledo, Roberto Carlos"]
[Black "Veiga, Jose Francisco RP"]
[Result "1/2-1/2"]
[WhiteElo "2450"]
[BlackElo "2389"]
[PlyCount "136"]
[EventDate "2023.08.21"]
[EventType "tourn"]
[EventRounds "9"]
[EventCountry "ESP"]
[EventCategory "6"]
[SourceTitle "CBM 215 Extra"]
[Source "ChessBase"]
[SourceDate "2023.09.30"]
[SourceVersion "1"]
[SourceVersionDate "2023.09.30"]
[SourceQuality "1"]

1. d4 Nf6 2. Bf4 g6 3. Nc3 d5 4. Nb5 Na6 5. e3 c6 6. Nc3 Nc7 7. h3 Bg7 8. Nf3 0-0 9. Be2 b5 10. Ne5 Bb7 11. Nd3 Nd7 12. a4 a6 13. 0-0 f6 14. Bh2 e5 15. Nb1 Ne6 16. c3 Qe7 17. b4 Rfe8 18. Re1 e4 19. Nc5 Ndxc5 20. bxc5 f5 21. Nd2 Bh6 22. Nb3 Bg5 23. Na5 h5 24. Qd2 Qf7 25. Nxb7 Qxb7 26. Ra2 Rf8 27. Bd6 Rf7 28. g3 h4 29. Rea1 Rc8 30. axb5 axb5 31. Ra6 Rh7 32. Bf1 Bf6 33. Qa2 Bg5 34. Ra7 Qxa7 35. Qxa7 Rxa7 36. Rxa7 hxg3 37. Bxg3 Bf6 38. Be2 Kf8 39. Kf1 Ke8 40. Ke1 Bd8 41. h4 Bc7 42. h5 Kf7 43. hxg6+ Kxg6 44. Bxc7 Rxc7 45. Ra6 Kf6 46. f3 exf3 47. Bxf3 f4 48. Ke2 Kf5 49. exf4 Nxf4+ 50. Kd2 Ne6 51. Bh5 Rh7 52. Bd1 Rh2+ 53. Kc1 b4 54. Rxc6 bxc3 55. Bg4+ Kxg4 56. Rxe6 Rd2 57. Re3 Rxd4 58. Rxc3 Ra4 59. Kd2 Kf5 60. c6 Ra8 61. c7 Rc8 62. Rc6 Ke5 63. Kd3 d4 64. Kc4 d3 65. Kxd3 Kd5 66. Rc2 Kd6 67. Kd4 Rxc7 68. Rxc7 Kxc7 1/2-1/2

[Event "Casablanca Mohammed op 4th"]
[Site "Casablanca"]
[Date "2023.08.16"]
[Round "5"]
[White "Quintiliano Pinto, Renato Rodrigues"]
[Black "Gomez Ledo, Roberto Carlos"]
[Result "1/2-1/2"]
[WhiteElo "2515"]
[BlackElo "2450"]
[PlyCount "75"]
[EventDate "2023.08.14"]
[EventType "swiss"]
[EventRounds "9"]
[EventCountry "MAR"]
[SourceTitle "CBM 215 Extra"]
[Source "ChessBase"]
[SourceDate "2023.09.30"]
[SourceVersion "1"]
[SourceVersionDate "2023.09.30"]
[SourceQuality "1"]

1. d4 d5 2. c4 dxc4 3. Nf3 Nf6 4. e3 e6 5. Bxc4 c5 6. 0-0 a6 7. b3 cxd4 8. Nxd4 Be7 9. Bb2 0-0 10. Be2 Bd7 11. Nd2 Nc6 12. N4f3 b5 13. Qb1 h6 14. Rd1 Qc7 15. Ne4 Nd5 16. Qc2 Rac8 17. Rac1 Rfd8 18. Qb1 Qb6 19. Ng3 Nf6 20. Ne4 Nd5 21. Qa1 Bf8 22. Ng3 Be8 23. Qb1 Qa5 24. Bd3 b4 25. Ne2 Na7 26. Ne5 Nb5 27. Nc4 Qc7 28. a4 bxa3 29. Nxa3 Qb7 30. Nc4 Nd6 31. Ng3 Nxc4 32. Bxc4 Bb5 33. Qa1 f6 34. Ba3 Bxc4 35. bxc4 Nb4 36. Rxd8 Rxd8 37. Qb1 a5 38. h3 1/2-1/2

[Event "Pontevedra op 11th"]
[Site "Pontevedra"]
[Date "2023.07.28"]
[Round "7"]
[White "Gomez Ledo, Roberto Carlos"]
[Black "Cabezas Ayala, Ivan"]
[Result "1-0"]
[WhiteElo "2432"]
[BlackElo "2252"]
[PlyCount "131"]
[EventDate "2023.07.24"]
[EventType "swiss"]
[EventRounds "9"]
[EventCountry "ESP"]
[SourceTitle "CBM 215 Extra"]
[Source "ChessBase"]
[SourceDate "2023.09.30"]
[SourceVersion "1"]
[SourceVersionDate "2023.09.30"]
[SourceQuality "1"]

1. Nf3 Nf6 2. b3 d6 3. d4 g6 4. Bb2 Bg7 5. g3 0-0 6. Bg2 e5 7. dxe5 Nfd7 8. Nc3 dxe5 9. Qd2 Qe7 10. 0-0-0 Nb6 11. h4 Nc6 12. Qg5 Bf6 13. Qe3 Bf5 14. Bh3 Bxh3 15. Rxh3 Rad8 16. Rhh1 Bg7 17. h5 Rfe8 18. hxg6 hxg6 19. Rxd8 Rxd8 20. Rd1 Rxd1+ 21. Nxd1 Qd6 22. Nc3 Nd5 23. Nxd5 Qxd5 24. a3 a6 25. g4 Bf8 26. c4 Qc5 27. Qxc5 Bxc5 28. e3 Be7 29. Nd2 Bh4 30. f3 Bg5 31. Nf1 f5 32. gxf5 gxf5 33. Kc2 Kf7 34. Kd3 Ke6 35. Nd2 Ne7 36. Bc3 Ng6 37. a4 Nh4 38. Ke2 Ng2 39. Nf1 Nh4 40. Be1 Ng6 41. Kd3 Bh4 42. Ba5 c6 43. Bd2 Kf6 44. e4 Ne7 45. Bb4 fxe4+ 46. Kxe4 Nf5 47. Bc3 Nd6+ 48. Kd3 Ke6 49. Bb4 Nf5 50. Bc5 Be1 51. Nh2 Bg3 52. Ng4 Bf4 53. Nf2 Nh4 54. Ke2 Nf5 55. Nd3 Ng3+ 56. Kf2 Kf5 57. Bd6 b5 58. cxb5 cxb5 59. a5 b4 60. Nxb4 e4 61. Bxf4 Kxf4 62. Nd5+ Ke5 63. Kxg3 Kxd5 64. f4 Kd4 65. Kf2 Kc3 66. Ke3 1-0

[Event "Pontevedra op 11th"]
[Site "Pontevedra"]
[Date "2023.07.26"]
[Round "4"]
[White "Gomez Ledo, Roberto Carlos"]
[Black "Deshpande, Aniruddha"]
[Result "1-0"]
[WhiteElo "2432"]
[BlackElo "2281"]
[PlyCount "92"]
[EventDate "2023.07.24"]
[EventType "swiss"]
[EventRounds "9"]
[EventCountry "ESP"]
[SourceTitle "CBM 215 Extra"]
[Source "ChessBase"]
[SourceDate "2023.09.30"]
[SourceVersion "1"]
[SourceVersionDate "2023.09.30"]
[SourceQuality "1"]

1. d4 Nf6 2. Nf3 c5 3. c3 Qc7 4. g3 b6 5. Bg2 Bb7 6. 0-0 g6 7. Bg5 Bg7 8. Qc1 0-0 9. Bh6 d6 10. Bxg7 Kxg7 11. Nbd2 Nbd7 12. Qb1 Rac8 13. Re1 Rfe8 14. dxc5 Qxc5 15. Qd3 Qh5 16. Qd4 Nc5 17. Rad1 Red8 18. h3 e5 19. Qb4 a5 20. Qa3 e4 21. g4 Qd5 22. Nb3 Qe6 23. Nh2 h5 24. gxh5 e3 25. Nxc5 exf2+ 26. Kxf2 Rxc5 27. Bxb7 Qxh3 28. Rh1 Re8 29. Ke1 Qg3+ 30. Kd2 Rxh5 31. Nf1 Qf2 32. Rxh5 Rxe2+ 33. Kc1 Nxh5 34. Nd2 Qf4 35. Qb3 Qe3 36. Bf3 Rxd2 37. Rxd2 Qxf3 38. Qxb6 Qf1+ 39. Rd1 Qf4+ 40. Kb1 Qf5+ 41. Ka1 d5 42. Qxa5 Nf4 43. Qc5 g5 44. c4 g4 45. cxd5 Kg6 46. Qb6+ f6 1-0

[Event "Titled Tuesday intern op 13th Jun Late"]
[Site "Chess.com INT"]
[Date "2023.06.13"]
[Round "9"]
[White "Gomez Ledo, Roberto Carlos"]
[Black "Aggelis, Nikolaos"]
[Result "1-0"]
[WhiteElo "2432"]
[BlackElo "2270"]
[PlyCount "95"]
[EventDate "2023.06.13"]
[EventType "swiss (blitz)"]
[EventRounds "11"]
[EventCountry "USA"]
[SourceTitle "EXT 2024"]
[Source "ChessBase"]
[SourceDate "2023.10.10"]
[SourceVersion "1"]
[SourceVersionDate "2023.10.10"]
[SourceQuality "1"]

1. d4 f5 2. Bf4 Nf6 3. e3 g6 4. h4 h6 5. Qf3 d6 6. Bc4 d5 7. Be2 Be6 8. Qg3 Bf7 9. Bxc7 Qc8 10. Bxb8 Rxb8 11. Nc3 a6 12. Nf3 Ng4 13. Ne5 Nxe5 14. Qxe5 Rg8 15. Bd3 Bg7 16. Qf4 e6 17. g4 b5 18. g5 h5 19. Qd6 Bf8 20. Qg3 Bb4 21. 0-0 Ba5 22. a4 Bc7 23. f4 b4 24. Ne2 a5 25. Nc1 Ke7 26. Nb3 Bb6 27. Qf2 Be8 28. Qe2 Qc7 29. Rfc1 Bd7 30. c3 Qd6 31. Bb5 Rgc8 32. Bxd7 Qxd7 33. c4 dxc4 34. Rxc4 Rxc4 35. Qxc4 Rc8 36. Qb5 Rc2 37. Qe5 Kf7 38. Qf6+ Kg8 39. Qxg6+ Kf8 40. Qf6+ Kg8 41. g6 Rxb2 42. Nc5 Bxc5 43. dxc5 Rc2 44. Re1 Qb7 45. Qxe6+ Kg7 46. c6 Qxc6 47. Qf7+ Kh6 48. Qh7# 1-0

[Event "Titled Tuesday intern op 13th Jun Late"]
[Site "Chess.com INT"]
[Date "2023.06.13"]
[Round "8"]
[White "Gomez Ledo, Roberto Carlos"]
[Black "Goltsev, Dmitry"]
[Result "1/2-1/2"]
[WhiteElo "2432"]
[BlackElo "2269"]
[PlyCount "52"]
[EventDate "2023.06.13"]
[EventType "swiss (blitz)"]
[EventRounds "11"]
[EventCountry "USA"]
[SourceTitle "EXT 2024"]
[Source "ChessBase"]
[SourceDate "2023.10.10"]
[SourceVersion "1"]
[SourceVersionDate "2023.10.10"]
[SourceQuality "1"]

1. d4 Nf6 2. Bf4 e6 3. e3 b6 4. Qf3 Nc6 5. Nc3 Bb7 6. Nge2 Rb8 7. e4 d5 8. exd5 Nb4 9. 0-0-0 Nfxd5 10. Qg3 Qf6 11. Be5 Qf5 12. Rd2 f6 13. Bxc7 Rc8 14. Bd6 Kf7 15. a3 Bxd6 16. Qxd6 Rhd8 17. Qg3 Nc6 18. Nb5 Na5 19. Nec3 Nxc3 20. Nxc3 Be4 21. Ba6 Bxc2 22. Rxc2 Nb3+ 23. Kb1 Nd2+ 24. Kc1 Nb3+ 25. Kb1 Nd2+ 26. Kc1 Nb3+ 1/2-1/2

[Event "Titled Tuesday intern op 13th Jun Late"]
[Site "Chess.com INT"]
[Date "2023.06.13"]
[Round "10"]
[White "Mekhitarian, Krikor Sevag"]
[Black "Gomez Ledo, Roberto Carlos"]
[Result "0-1"]
[WhiteElo "2537"]
[BlackElo "2432"]
[PlyCount "112"]
[EventDate "2023.06.13"]
[EventType "swiss (blitz)"]
[EventRounds "11"]
[EventCountry "USA"]
[SourceTitle "EXT 2024"]
[Source "ChessBase"]
[SourceDate "2023.10.10"]
[SourceVersion "1"]
[SourceVersionDate "2023.10.10"]
[SourceQuality "1"]

1. Nf3 d5 2. c4 e6 3. d4 Nf6 4. cxd5 exd5 5. Nc3 c6 6. Bf4 Bf5 7. e3 Nbd7 8. h3 h6 9. g4 Bh7 10. Bd3 Ne4 11. Qc2 Bb4 12. Kf1 Qe7 13. Kg2 0-0 14. a3 Bxc3 15. bxc3 f5 16. Rag1 Rae8 17. Kf1 Qxa3 18. g5 hxg5 19. Nxg5 Nxg5 20. Rxg5 Rf7 21. Rhg1 Qf8 22. f3 Kh8 23. Kf2 b5 24. h4 a5 25. h5 a4 26. Qb1 Re6 27. Rg6 Ref6 28. R1g3 Qe7 29. Qg1 a3 30. Bg5 a2 31. Bxf6 Nxf6 32. Qa1 Qa3 33. Bxf5 Nxh5 34. R3g5 Rxf5 35. Rxf5 Bxg6 36. Rg5 Kh7 37. Rg1 Qb3 38. Rc1 Qb1 39. Ke2 Qxa1 40. Rxa1 Bb1 41. e4 Kg6 42. Ke3 Kf6 43. exd5 cxd5 44. Kf2 Kf5 45. Ke3 Nf4 46. Kd2 g5 47. Ke3 Ne6 48. Kf2 Kf4 49. Ke2 Ng7 50. Kd2 Nf5 51. Kc1 Nh4 52. Kb2 Nxf3 53. c4 bxc4 54. Kc3 g4 55. Kb2 g3 56. Kc3 g2 0-1

[Event "Titled Tuesday intern op 06th Jun Early"]
[Site "Chess.com INT"]
[Date "2023.06.06"]
[Round "4"]
[White "Gil Alba, Hector Luis"]
[Black "Gomez Ledo, Roberto Carlos"]
[Result "0-1"]
[WhiteElo "2294"]
[BlackElo "2432"]
[PlyCount "150"]
[EventDate "2023.06.06"]
[EventType "swiss (blitz)"]
[EventRounds "11"]
[EventCountry "USA"]
[SourceTitle "EXT 2024"]
[Source "ChessBase"]
[SourceDate "2023.10.10"]
[SourceVersion "1"]
[SourceVersionDate "2023.10.10"]
[SourceQuality "1"]

1. e4 e5 2. Nf3 Nc6 3. Bb5 a6 4. Ba4 Nf6 5. d3 d6 6. c4 g6 7. 0-0 Bg7 8. Nc3 0-0 9. Bxc6 bxc6 10. d4 exd4 11. Nxd4 Bb7 12. f3 Nh5 13. Be3 Rb8 14. b3 Qh4 15. Qe1 Qe7 16. Rd1 Rbe8 17. Qd2 f5 18. Rfe1 f4 19. Bf2 Be5 20. Nde2 c5 21. Nd5 Qg7 22. a3 g5 23. h3 Nf6 24. b4 Nxd5 25. exd5 cxb4 26. axb4 h5 27. Nd4 g4 28. hxg4 hxg4 29. fxg4 Qxg4 30. Nf3 Rf6 31. Bd4 Rf5 32. Qd3 Rh5 33. Re2 Bc8 34. Rde1 Qg3 35. Bxe5 dxe5 36. Rxe5 Rhxe5 37. Rxe5 Rxe5 38. Nxe5 Qe1+ 39. Kh2 Qxe5 40. Qg6+ Kf8 41. Qh6+ Ke7 42. Qh7+ Kd8 43. Qg8+ Qe8 44. Qg5+ Qe7 45. Qxf4 Qxb4 46. Qf6+ Qe7 47. Qh8+ Qe8 48. Qf6+ Qe7 49. Qh8+ Kd7 50. Qh3+ Kd6 51. Qxc8 Qh4+ 52. Kg1 Qd4+ 53. Kh2 Qxc4 54. Qe6+ Kc5 55. Qc6+ Kd4 56. Qf6+ Kxd5 57. Qf7+ Kd4 58. Qf4+ Kc3 59. Qe3+ Kb4 60. Qe7+ Kb5 61. Qe5+ c5 62. Qb8+ Ka4 63. Qe8+ Kb3 64. Qe3+ Kb4 65. Qd2+ Qc3 66. Qf4+ c4 67. Qd6+ Kb3 68. Qxa6 Qe5+ 69. Kh3 c3 70. Qb6+ Kc2 71. Qf2+ Kb3 72. Qb6+ Kc4 73. Qc6+ Kd3 74. Qa6+ Kd2 75. Qa2+ c2 0-1

[Event "Titled Tuesday intern op 06th Jun Early"]
[Site "Chess.com INT"]
[Date "2023.06.06"]
[Round "8"]
[White "Marcziter, Dmitrii"]
[Black "Gomez Ledo, Roberto Carlos"]
[Result "1-0"]
[WhiteElo "2222"]
[BlackElo "2432"]
[PlyCount "43"]
[EventDate "2023.06.06"]
[EventType "swiss (blitz)"]
[EventRounds "11"]
[EventCountry "USA"]
[SourceTitle "EXT 2024"]
[Source "ChessBase"]
[SourceDate "2023.10.10"]
[SourceVersion "1"]
[SourceVersionDate "2023.10.10"]
[SourceQuality "1"]

1. d4 Nf6 2. c4 e6 3. Nf3 d5 4. Nc3 dxc4 5. e3 c5 6. Bxc4 a6 7. 0-0 b5 8. Bd3 Bb7 9. Qe2 Nbd7 10. Rd1 Qc7 11. e4 c4 12. Bc2 Be7 13. Bg5 h6 14. Bh4 e5 15. Bg3 Bd6 16. dxe5 Bxe5 17. Nxe5 Nxe5 18. Nd5 Qb8 19. Nxf6+ gxf6 20. f4 Ng6 21. e5 fxe5 22. f5 1-0

[Event "Titled Tuesday intern op 06th Jun Early"]
[Site "Chess.com INT"]
[Date "2023.06.06"]
[Round "10"]
[White "Pullela, Sricharan"]
[Black "Gomez Ledo, Roberto Carlos"]
[Result "1-0"]
[WhiteElo "1996"]
[BlackElo "2432"]
[PlyCount "123"]
[EventDate "2023.06.06"]
[EventType "swiss (blitz)"]
[EventRounds "11"]
[EventCountry "USA"]
[SourceTitle "EXT 2024"]
[Source "ChessBase"]
[SourceDate "2023.10.10"]
[SourceVersion "1"]
[SourceVersionDate "2023.10.10"]
[SourceQuality "1"]

1. d4 Nf6 2. Bg5 d5 3. Bxf6 exf6 4. e3 c6 5. c4 dxc4 6. Bxc4 Bd6 7. Nf3 0-0 8. 0-0 f5 9. Nc3 Nd7 10. Qc2 Nf6 11. Bd3 g6 12. Rad1 Qe7 13. a3 Re8 14. Bc4 Ne4 15. Nd2 a6 16. Ndxe4 fxe4 17. a4 h5 18. Rfe1 h4 19. a5 h3 20. g3 Bg4 21. Rd2 Bf3 22. Bf1 Bg4 23. Qa4 Kh7 24. Rc1 Qf6 25. d5 c5 26. Nxe4 Rxe4 27. Qxe4 Qg5 28. Be2 f5 29. Qd3 Qh5 30. Bxg4 Qxg4 31. Rc4 f4 32. exf4 Re8 33. Re4 Bxf4 34. Rde2 c4 35. Qc2 Qf3 36. Re7+ Rxe7 37. Rxe7+ Kh6 38. Qe4 Qd1+ 39. Qe1 Qg4 40. Qe2 Qg5 41. Re4 Bd6 42. Rg4 Qc1+ 43. Qf1 Qxb2 44. Rxc4 Qb5 45. Rh4+ Kg7 46. Qxb5 axb5 47. Rxh3 Kf6 48. Rh4 Ke5 49. Kf1 g5 50. Rg4 Kxd5 51. Ke2 b4 52. Kd1 b3 53. Kc1 Be7 54. Kb1 Bf6 55. h4 gxh4 56. gxh4 Kc5 57. h5 Kb5 58. h6 Kxa5 59. h7 b5 60. Rg8 Kb4 61. h8Q Bxh8 62. Rxh8 1-0

[Event "Titled Tuesday intern op 06th Jun Late"]
[Site "Chess.com INT"]
[Date "2023.06.06"]
[Round "7"]
[White "Stachanczyk, Jacek"]
[Black "Gomez Ledo, Roberto Carlos"]
[Result "1/2-1/2"]
[WhiteElo "2124"]
[BlackElo "2432"]
[PlyCount "105"]
[EventDate "2023.06.06"]
[EventType "swiss (blitz)"]
[EventRounds "11"]
[EventCountry "USA"]
[SourceTitle "EXT 2024"]
[Source "ChessBase"]
[SourceDate "2023.10.10"]
[SourceVersion "1"]
[SourceVersionDate "2023.10.10"]
[SourceQuality "1"]

1. e4 e5 2. Nc3 Nc6 3. Bc4 Bc5 4. d3 Nf6 5. f4 0-0 6. Nf3 exf4 7. Bxf4 d6 8. Qd2 Be6 9. Bxe6 fxe6 10. e5 dxe5 11. Nxe5 Nxe5 12. Bxe5 Ng4 13. Bg3 Bf2+ 14. Bxf2 Rxf2 15. Ne2 Rxg2 16. 0-0-0 Qd6 17. h3 Nf2 18. Rdg1 Nxh1 19. Rxg2 Rf8 20. Qg5 g6 21. Qb5 Qd5 22. Qxd5 exd5 23. Kd2 Nf2 24. b4 Nxh3 25. b5 Nf4 26. Nxf4 Rxf4 27. c3 Kg7 28. Ke3 Rf5 29. Kd4 h5 30. a4 b6 31. Re2 h4 32. Re7+ Rf7 33. Re5 Rd7 34. Ke3 Kh6 35. Kf4 Rf7+ 36. Kg4 Rf5 37. Re7 h3 38. Kxh3 Rf3+ 39. Kg4 Rxd3 40. Rxc7 d4 41. c4 Rc3 42. Kf4 g5+ 43. Ke4 d3 44. Ke3 Kh5 45. Rxa7 Rxc4 46. Kxd3 Rf4 47. a5 bxa5 48. Rxa5 Rb4 49. Kc3 Rb1 50. Kc2 Rb4 51. Kc3 Rb1 52. Kc2 Rb4 53. Kc3 1/2-1/2

[Event "Titled Tuesday intern op 06th Jun Late"]
[Site "Chess.com INT"]
[Date "2023.06.06"]
[Round "9"]
[White "Szyszylo, Rafal"]
[Black "Gomez Ledo, Roberto Carlos"]
[Result "1/2-1/2"]
[WhiteElo "2074"]
[BlackElo "2432"]
[PlyCount "99"]
[EventDate "2023.06.06"]
[EventType "swiss (blitz)"]
[EventRounds "11"]
[EventCountry "USA"]
[SourceTitle "EXT 2024"]
[Source "ChessBase"]
[SourceDate "2023.10.10"]
[SourceVersion "1"]
[SourceVersionDate "2023.10.10"]
[SourceQuality "1"]

1. e4 e5 2. Bc4 Nf6 3. Nc3 Nc6 4. d3 Bc5 5. f4 0-0 6. Nf3 exf4 7. Bxf4 d6 8. d4 Bb4 9. Bg5 h6 10. Bxf6 Qxf6 11. 0-0 Bxc3 12. bxc3 Qe7 13. Qd2 Qxe4 14. Rae1 Qg4 15. h3 Qh5 16. Qf4 Qf5 17. Qg3 Qxc2 18. Ng5 hxg5 19. Rxf7 Be6 20. Rxf8+ Rxf8 21. Bxe6+ Kh8 22. Qxg5 Qf2+ 23. Kh2 Qf4+ 24. Qxf4 Rxf4 25. Kg3 Rf8 26. Bd5 Nd8 27. Re7 c6 28. Bf3 Kg8 29. Bh5 d5 30. Bg6 a5 31. h4 a4 32. h5 b6 33. a3 c5 34. Kg4 cxd4 35. cxd4 b5 36. Kg5 b4 37. h6 gxh6+ 38. Kxh6 Nf7+ 39. Kh5 b3 40. Rb7 Nd6 41. Ra7 b2 42. Kh6 Rb8 43. Rg7+ Kf8 44. Rd7 Ne4 45. Rf7+ Kg8 46. Rg7+ Kf8 47. Rf7+ Kg8 48. Rg7+ Kh8 49. Rh7+ Kg8 50. Rg7+ 1/2-1/2

[Event "Alicante Easter op 7th"]
[Site "La Nucia"]
[Date "2023.04.07"]
[Round "4"]
[White "Gomez Ledo, Roberto Carlos"]
[Black "Suarez Uriel, Adrian"]
[Result "1/2-1/2"]
[WhiteElo "2437"]
[BlackElo "2356"]
[PlyCount "118"]
[EventDate "2023.04.05"]
[EventType "swiss"]
[EventRounds "9"]
[EventCountry "ESP"]
[SourceTitle "CBM 213 Extra"]
[Source "ChessBase"]
[SourceDate "2023.05.31"]
[SourceVersion "1"]
[SourceVersionDate "2023.05.31"]
[SourceQuality "1"]

1. d4 Nf6 2. Nf3 g6 3. e3 Bg7 4. Be2 b6 5. 0-0 Bb7 6. b3 c5 7. c4 0-0 8. Nc3 e6 9. Ba3 Na6 10. Rc1 Re8 11. Qd2 d6 12. Rfd1 Qe7 13. Qb2 e5 14. dxe5 dxe5 15. Qb1 e4 16. Ne1 h5 17. Nb5 Bc6 18. Bb2 Red8 19. Qa1 Nb4 20. h3 Ne8 21. Bf1 h4 22. Bxg7 Nxg7 23. a3 Na6 24. Rxd8+ Rxd8 25. Rd1 Rxd1 26. Qxd1 Bxb5 27. cxb5 Nc7 28. Bc4 Nf5 29. a4 Kg7 30. Nc2 Ne8 31. Na3 Ned6 32. Bf1 Qe5 33. Nc4 Nxc4 34. Bxc4 Nd6 35. Bf1 f5 36. Qd2 Kf6 37. a5 g5 38. Qd1 Kg6 39. a6 Kh6 40. Bc4 Kg7 41. Bf1 Kg6 42. Bc4 Kh6 43. Be2 f4 44. Bg4 fxe3 45. fxe3 Kg7 46. Kh1 Kf6 47. Bd7 Ke7 48. Bg4 Kd8 49. Qf1 Qe7 50. Qd1 Kc7 51. Qd5 Nxb5 52. Qb7+ Kd6 53. Qb8+ Kc6 54. Qa8+ Kd6 55. Qb8+ Kc6 56. Qa8+ Kd6 57. Qb8+ Kd5 58. Qg8+ Kc6 59. Qa8+ Kd6 1/2-1/2